00549nam a22001817a 450000500170000001000150001702000260003203500130005803700130007108200160008424500830010026000330018327000470021630000260026350000400028970000150032970000230034420140116104829.0 aENG-109094 a9788174469564c295.00 aEN-92627 bDBAD/PUB a658.4060954 aReadings in organization development /cby Nina Jacob [and] Sanjay Kumar Singh aNew DelhibExcel Booksc2011 aA- 45, Naraina, Phase 1bNew Delhie110028 aviii,160p.c24cm(pbk) aIncludes bibliographical references aJacob,Nina aSanjay Kumar Singh